| 000 | 00401nam a22001697a 4500 | ||
|---|---|---|---|
| 003 | OSt | ||
| 005 | 20260202122800.0 | ||
| 007 | 596 pages | ||
| 008 | 260202b |||||||| |||| 00| 0 eng d | ||
| 020 | _a9789355322258 | ||
| 040 | _c | ||
| 082 |
_26 _a621.815 _bDIE |
||
| 245 |
_aEngineering design _cDieter,George |
||
| 250 | _a6 | ||
| 260 |
_bMcgraw Hill _c2022 |
||
| 942 |
_2ddc _cBK _e6 _k621.815 _mDIE _n0 |
||
| 999 |
_c36310 _d36310 |
||